|
|
|
|
| LEADER |
00000nam a22000007a 4500 |
| 005 |
2011091600000.0 |
| 008 |
110916s2009 ag ||||s|||| 001 0 spa d |
| 020 |
|
|
|a 978-950-536-220-2
|
| 035 |
|
|
|a 4978
|
| 040 |
|
|
|a vLex
|
| 090 |
|
|
|c 2477
|d 2477
|
| 245 |
0 |
0 |
|a Aportes para una justicia ms̀ transparente
|h [Recurso electrn̤cio] /
|c Roberto O. Berizonce (coord.)
|
| 256 |
|
|
|a Servicio en ln̕ea.
|
| 260 |
|
|
|a [Buenos Aires] :
|b Librera̕ Editora Platense,
|c 2009.
|
| 300 |
|
|
|a 1 recurso electrn̤ico
|
| 506 |
1 |
|
|a Contenido solo disponible en los productos indicados
|d vLex Global
|d vLex Global (Academic Edition, excluding Law Schools)
|d vLex Global (U.S. Academic Edition, Law Schools)
|d vLex Global (U.S. Academic Edition, excluding Law Schools)
|d vLex Global (Academic Edition, Law Schools)
|
| 650 |
0 |
4 |
|a Derecho
|z Argentina
|
| 700 |
1 |
|
|a Berizonce, Roberto O.
|
| 740 |
0 |
|
|a vLex Libros (Servicio en ln̕ea)
|
| 856 |
4 |
0 |
|u http://vlex.com/source/aportes-justicia-transparente-4978
|z Acceso restringido
|
| 942 |
|
|
|c BOOK
|